000 00255nam a22001217a 4500
999 _c23266
_d23266
003 Nust
005 20170224150311.0
008 170224b xxu||||| |||| 00| 0 eng d
020 _a8129706156
040 _aDLC
_bDLC
_cRCMS
082 _a005.8CON
100 _a CONVERY SEAN CCIE
245 _a Network Security Architectures
_bExpert guidance on designing secure networks
_cConvery Sean
260 _aINDIA
_bPEARSON
_c2004
300 _axxxix, 416 p. :
_bill. ;
_c26 cm.
650 _aNetwork Security Architectures
856 _3Table of contents only
_uhttp://www.loc.gov/catdir/toc/ecip0716/2007017469.html
942 _cBK
_2ddc